Statistics for National Soccer Team Logos

Click here to take the quiz!

General Stats

  • This quiz has been taken 23,430 times
  • The average score is 16 of 20

Answer Stats

Answer% Correct
Italy
99%
Germany
98%
Turkey
98%
Belgium
96%
Sweden
96%
Greece
94%
England
92%
Australia
90%
Spain
87%
France
85%
Russia
84%
Brazil
84%
Portugal
81%
Netherlands
74%
United States
67%
Uruguay
63%
Peru
61%
Ecuador
48%
Vietnam
28%
South Africa
26%

Score Distribution

Percentile by Number Answered

Percent of People with Each Score

Your Score History

You have not taken this quiz